Financial stability report 2008/2009 Czech National Bank

Saved in:
Bibliographic Details
Format: Book
Language:English
Published: Praha Czech National Bank 2009
Subjects:
Tags: Add Tag
No Tags, Be the first to tag this record!

MARC

LEADER 00000nam$a2200000$$$4500
001 0098621
005 20240315114442.6
020 |a 978-80-87225-16-5 
041 0 |a eng 
044 |a CZ 
245 1 0 |a Financial stability report 2008/2009  |b Czech National Bank 
264 1 |a Praha  |b Czech National Bank  |c 2009 
300 |a 119 s. 
610 2 0 |a banky 
610 2 0 |a bankovníctvo 
610 2 0 |a makroekonomika 
610 2 0 |a stabilita finančná 
610 2 0 |a podnik 
610 2 0 |a domácnosti 
610 2 0 |a aktíva 
610 2 0 |a financie 
610 2 0 |a nehnuteľnosti 
610 2 0 |a vývoj cenový 
610 2 0 |a organizácie finančné 
610 2 0 |a trh finančný 
610 2 0 |a úver 
610 2 0 |a financovanie podnikov 
610 2 0 |a riziko úverové 
610 2 0 |a Česko 
610 2 0 |a 2008-2009